000 00534nam a2200193 u 4500
005 20210223131359.0
008 100914s1998 ec r 000 0 spa d
020 _a9978804919
035 _aUPN01000177776
049 _aI
050 4 _aPZ68
_bH4.2
100 1 _aHetmann, Frederik,
_d1934-
_930795
245 1 4 _aLas botas de fĂștbol /
_cFrederic Hetmann.
260 _aQuito :
_bLibresa,
_c1998.
300 _a87 p. :
_bil.
440 3 _aLa mitad del mundo ;
_v8
650 4 _aCUENTOS INFANTILES POLACOS
_913051
905 _aInfantil
999 _c149879
_d149879